[Event "Titled Tuesday intern op 23rd Jul Early"]
[Site "Chess.com INT"]
[Date "2024.07.23"]
[Round "3"]
[White "Luo, Terry"]
[Black "Akobian, Varuzhan"]
[Result "0-1"]
[WhiteElo "2316"]
[BlackElo "2564"]
[PlyCount "124"]
[EventDate "2024.07.23"]
[EventType "swiss (blitz)"]
[EventRounds "11"]
[EventCountry "USA"]
[SourceTitle "EXT 2025"]
[Source "ChessBase"]
[SourceDate "2024.10.14"]
[SourceVersion "1"]
[SourceVersionDate "2024.10.14"]
[SourceQuality "1"]

1. d4 e6 2. Nf3 f5 3. Bf4 Nf6 4. e3 b6 5. Nbd2 Bb7 6. Bd3 Be7 7. Qe2 Ne4 8. 0-0-0 0-0 9. h4 d5 10. Bxe4 dxe4 11. Ne5 Nd7 12. Kb1 Nxe5 13. Bxe5 Bd6 14. Bxd6 cxd6 15. g4 f4 16. g5 f3 17. Qf1 d5 18. Qh3 Qd6 19. h5 Rac8 20. Qh2 Qxh2 21. Rxh2 Ba6 22. Rg1 Rf5 23. Rh4 Kf8 24. b3 Ke7 25. Kb2 Be2 26. Rhg4 Rff8 27. Rc1 Rc7 28. c4 Rfc8 29. Rgg1 Bd3 30. Rc3 a5 31. Rgc1 Kd6 32. Nxf3 exf3 33. Rxd3 dxc4 34. Rdc3 b5 35. bxc4 bxc4 36. e4 Rb7+ 37. Kc2 Rb5 38. Rg1 Rcb8 39. Rxf3 Rb2+ 40. Kc3 Rxa2 41. Rf7 Ra4 42. Rc1 Rb3+ 43. Kd2 Rd3+ 44. Ke2 Ra2+ 45. Kf1 Rxd4 46. Rxg7 Rxe4 47. Rxh7 Rf4 48. g6 Rfxf2+ 49. Kg1 Rg2+ 50. Kh1 Rh2+ 51. Kg1 Rag2+ 52. Kf1 Rd2 53. Kg1 c3 54. g7 Rhg2+ 55. Kf1 c2 56. h6 Rh2 57. Kg1 Rhe2 58. Kf1 Rf2+ 59. Kg1 Rg2+ 60. Kf1 Rg5 61. Ke1 Rh2 62. Rh8 Rg1# 0-1

[Event "Titled Tuesday intern op 23rd Jul Early"]
[Site "Chess.com INT"]
[Date "2024.07.23"]
[Round "5"]
[White "Luo, Terry"]
[Black "Devaev, Alexander"]
[Result "1-0"]
[WhiteElo "2316"]
[BlackElo "2325"]
[PlyCount "95"]
[EventDate "2024.07.23"]
[EventType "swiss (blitz)"]
[EventRounds "11"]
[EventCountry "USA"]
[SourceTitle "EXT 2025"]
[Source "ChessBase"]
[SourceDate "2024.10.14"]
[SourceVersion "1"]
[SourceVersionDate "2024.10.14"]
[SourceQuality "1"]

1. d4 Nf6 2. Nf3 e6 3. c4 c5 4. d5 d6 5. Nc3 exd5 6. cxd5 g6 7. h3 Bg7 8. Bf4 0-0 9. e3 a6 10. a4 Qe7 11. Nd2 Nh5 12. Bh2 Nd7 13. Be2 Nhf6 14. Nc4 Ne8 15. 0-0 Rb8 16. a5 Ne5 17. Nb6 Nd7 18. Nxc8 Rxc8 19. Qb3 Rb8 20. Na4 Nef6 21. Nb6 Rfd8 22. Rfd1 Ne8 23. Rac1 Nc7 24. Bg4 Nxb6 25. Qxb6 Na8 26. Qb3 b5 27. axb6 Rxb6 28. Qa4 Bxb2 29. Rb1 Rdb8 30. Be2 Nc7 31. Qa5 Qd8 32. Bf4 Bc3 33. Qa2 Rxb1 34. Rxb1 Rxb1+ 35. Qxb1 Bb4 36. Bc4 Nb5 37. Qa2 Qb6 38. Bh6 Nc3 39. Qd2 a5 40. e4 Qd8 41. Qf4 Qe7 42. Bg5 Qxe4 43. Qxd6 Ne2+ 44. Bxe2 Qxe2 45. Qd8+ Kg7 46. Qf6+ Kg8 47. Bh6 Qe1+ 48. Kh2 1-0

[Event "Pan American-ch U18 34th"]
[Site "Orlando"]
[Date "2024.07.17"]
[Round "4"]
[White "Luo, Terry"]
[Black "Reyes Zavaleta, Fabian Ricardo"]
[Result "1/2-1/2"]
[WhiteElo "2316"]
[BlackElo "2139"]
[PlyCount "66"]
[EventDate "2024.07.15"]
[EventType "swiss"]
[EventRounds "9"]
[EventCountry "USA"]
[SourceTitle "EXT 2025"]
[Source "ChessBase"]
[SourceDate "2024.10.14"]
[SourceVersion "1"]
[SourceVersionDate "2024.10.14"]
[SourceQuality "1"]

1. d4 Nf6 2. c4 g6 3. Nc3 d5 4. cxd5 Nxd5 5. e4 Nxc3 6. bxc3 Bg7 7. Nf3 c5 8. Bb5+ Nc6 9. 0-0 0-0 10. Bxc6 bxc6 11. Qc2 cxd4 12. cxd4 Bg4 13. Ne5 Qxd4 14. Bb2 Qb6 15. Rab1 Bxe5 16. Bxe5 Qa6 17. Rfc1 Rfd8 18. Ba1 Be6 19. Qc5 Rd6 20. Bf6 Bxa2 21. Bxe7 Re6 22. Ra1 Re8 23. Bd6 Rxe4 24. h3 Re2 25. Bf4 Qb6 26. Qxb6 axb6 27. Rxc6 b5 28. Rb6 Rb2 29. Be3 Rxe3 30. fxe3 Bd5 31. g4 Rg2+ 32. Kf1 Rh2 33. Rxb5 Rh1+ 1/2-1/2

[Event "Pan American-ch U18 34th"]
[Site "Orlando"]
[Date "2024.07.17"]
[Round "5"]
[White "Rusonik, Max"]
[Black "Luo, Terry"]
[Result "1/2-1/2"]
[WhiteElo "2251"]
[BlackElo "2316"]
[PlyCount "45"]
[EventDate "2024.07.15"]
[EventType "swiss"]
[EventRounds "9"]
[EventCountry "USA"]
[SourceTitle "EXT 2025"]
[Source "ChessBase"]
[SourceDate "2024.10.14"]
[SourceVersion "1"]
[SourceVersionDate "2024.10.14"]
[SourceQuality "1"]

1. e4 e5 2. Nf3 Nc6 3. Bb5 g6 4. d4 exd4 5. Bg5 Be7 6. Bxe7 Qxe7 7. 0-0 Nf6 8. e5 Nd5 9. Nbd2 0-0 10. Re1 Qb4 11. Bc4 Nb6 12. Bb3 d5 13. exd6 Qxd6 14. Ne4 Qd8 15. Qd2 Kg7 16. Qf4 Nd5 17. Bxd5 Qxd5 18. Qf6+ Kg8 19. Qh4 Kg7 20. Qf6+ Kg8 21. Qh4 Kg7 22. Qf6+ Kg8 23. Qh4 1/2-1/2

[Event "Titled Tuesday intern op 09th Jul Early"]
[Site "Chess.com INT"]
[Date "2024.07.09"]
[Round "8"]
[White "Doroodgar, Amir Hosein"]
[Black "Luo, Terry"]
[Result "1-0"]
[WhiteElo "2302"]
[BlackElo "2316"]
[PlyCount "87"]
[EventDate "2024.07.09"]
[EventType "swiss (blitz)"]
[EventRounds "11"]
[EventCountry "USA"]
[SourceTitle "EXT 2025"]
[Source "ChessBase"]
[SourceDate "2024.10.14"]
[SourceVersion "1"]
[SourceVersionDate "2024.10.14"]
[SourceQuality "1"]

1. a3 g6 2. h4 h5 3. Nf3 Bg7 4. c4 c5 5. Nc3 Nc6 6. g3 Nh6 7. Bg2 Nf5 8. 0-0 0-0 9. b4 cxb4 10. axb4 Nxb4 11. Ba3 Nc6 12. Qa4 d6 13. Rab1 Qa5 14. Qb3 Ncd4 15. Nxd4 Nxd4 16. Qa2 Nc2 17. Qxc2 Qxa3 18. Nd5 e6 19. Nc7 Rb8 20. Rfd1 Qa5 21. Nb5 Rd8 22. d4 a6 23. Nc3 b5 24. cxb5 axb5 25. Na2 Bb7 26. Nb4 Bxg2 27. Kxg2 Rdc8 28. Qe4 d5 29. Qf3 Rc4 30. Nd3 Rxd4 31. e3 Rc4 32. Qe2 b4 33. Rb3 Rc3 34. Rdb1 Rxb3 35. Rxb3 Qa4 36. Qc2 Bf8 37. Ne5 Qa1 38. Nd7 Rd8 39. Nxf8 Rxf8 40. Rxb4 Qf6 41. Rf4 Qe5 42. Qc6 Kg7 43. Qb7 Qb8 44. Rxf7+ 1-0

[Event "Titled Tuesday intern op 09th Jul Early"]
[Site "Chess.com INT"]
[Date "2024.07.09"]
[Round "7"]
[White "Luo, Terry"]
[Black "Napoli, Nicolo"]
[Result "1-0"]
[WhiteElo "2316"]
[BlackElo "2228"]
[PlyCount "63"]
[EventDate "2024.07.09"]
[EventType "swiss (blitz)"]
[EventRounds "11"]
[EventCountry "USA"]
[SourceTitle "EXT 2025"]
[Source "ChessBase"]
[SourceDate "2024.10.14"]
[SourceVersion "1"]
[SourceVersionDate "2024.10.14"]
[SourceQuality "1"]

1. d4 f5 2. g3 Nf6 3. Bg2 g6 4. c4 Bg7 5. Nc3 0-0 6. Nf3 d6 7. 0-0 c6 8. Re1 Ne4 9. Qc2 Nxc3 10. Qxc3 e5 11. dxe5 dxe5 12. e4 f4 13. b3 Bg4 14. Ba3 Rf7 15. Rad1 Qe8 16. h3 Bxf3 17. Bxf3 fxg3 18. fxg3 Na6 19. Bg4 h5 20. Be2 Nc7 21. c5 Kh7 22. Bc4 Ne6 23. Rd6 Re7 24. Bxe6 Rxe6 25. Red1 b6 26. Bc1 bxc5 27. Qxc5 Bf8 28. Rd7+ Re7 29. Rxe7+ Qxe7 30. Qxe7+ Bxe7 31. Rd7 Re8 32. Bg5 1-0

[Event "Titled Tuesday intern op 09th Jul Early"]
[Site "Chess.com INT"]
[Date "2024.07.09"]
[Round "5"]
[White "Povshednyi, Ivan"]
[Black "Luo, Terry"]
[Result "1/2-1/2"]
[WhiteElo "2242"]
[BlackElo "2316"]
[PlyCount "101"]
[EventDate "2024.07.09"]
[EventType "swiss (blitz)"]
[EventRounds "11"]
[EventCountry "USA"]
[SourceTitle "EXT 2025"]
[Source "ChessBase"]
[SourceDate "2024.10.14"]
[SourceVersion "1"]
[SourceVersionDate "2024.10.14"]
[SourceQuality "1"]

1. c4 g6 2. Nf3 Bg7 3. d4 Nf6 4. b3 d6 5. Bb2 0-0 6. e3 b6 7. Be2 Bb7 8. 0-0 Nbd7 9. Nc3 Ne4 10. Nxe4 Bxe4 11. Nd2 Bb7 12. Bf3 Bxf3 13. Qxf3 e5 14. dxe5 Nxe5 15. Qe2 a5 16. a3 Re8 17. Rad1 Qd7 18. Bd4 Qf5 19. Nb1 Nd7 20. Bxg7 Kxg7 21. Nc3 Nc5 22. Nd5 Rac8 23. Qb2+ Qe5 24. Qc2 Ne4 25. f3 Nf6 26. e4 Nxd5 27. cxd5 f5 28. Rfe1 Re7 29. exf5 Qxe1+ 30. Rxe1 Rxe1+ 31. Kf2 Re5 32. Qc3 Kf7 33. fxg6+ hxg6 34. Qc6 Re7 35. b4 axb4 36. axb4 Rce8 37. h4 Kf6 38. Kg3 Kg7 39. Qc3+ Kf7 40. Qc1 Kg7 41. Qf4 Rf7 42. Qc4 Ree7 43. Qd4+ Kh7 44. Qd3 Kg7 45. Qd4+ Kh7 46. Qc3 Rf5 47. Qc4 Kg7 48. Qd4+ Kh7 49. Qc4 Kg7 50. Qd4+ Kh7 51. Qc4 1/2-1/2

[Event "Titled Tuesday intern op 25th Jun Late"]
[Site "Chess.com INT"]
[Date "2024.06.25"]
[Round "1"]
[White "Garcia, Angie"]
[Black "Luo, Terry"]
[Result "0-1"]
[WhiteElo "2015"]
[BlackElo "2316"]
[PlyCount "40"]
[EventDate "2024.06.25"]
[EventType "swiss (blitz)"]
[EventRounds "11"]
[EventCountry "USA"]
[SourceTitle "EXT 2025"]
[Source "ChessBase"]
[SourceDate "2024.10.14"]
[SourceVersion "1"]
[SourceVersionDate "2024.10.14"]
[SourceQuality "1"]

1. e4 e5 2. Nf3 Nc6 3. d4 exd4 4. Nxd4 Nf6 5. Nxc6 bxc6 6. e5 Nd5 7. c4 Nb6 8. Nc3 Bb4 9. Bd2 0-0 10. Bd3 Re8 11. 0-0 Rxe5 12. a3 Bf8 13. Ne4 h6 14. Bc3 Re8 15. Qg4 d5 16. Nf6+ Qxf6 17. Qg3 d4 18. Bd2 Bd6 19. Qh3 Bxh3 20. gxh3 Qf3 0-1

[Event "Titled Tuesday intern op 25th Jun Early"]
[Site "Chess.com INT"]
[Date "2024.06.25"]
[Round "6"]
[White "Klukin, Kirill"]
[Black "Luo, Terry"]
[Result "1-0"]
[WhiteElo "2413"]
[BlackElo "2316"]
[PlyCount "153"]
[EventDate "2024.06.25"]
[EventType "swiss (blitz)"]
[EventRounds "11"]
[EventCountry "USA"]
[SourceTitle "EXT 2025"]
[Source "ChessBase"]
[SourceDate "2024.10.14"]
[SourceVersion "1"]
[SourceVersionDate "2024.10.14"]
[SourceQuality "1"]

1. d4 Nf6 2. Nf3 g6 3. e3 Bg7 4. Be2 0-0 5. 0-0 d6 6. c4 Nbd7 7. Nc3 e5 8. Qc2 Re8 9. b4 exd4 10. Nxd4 Ne5 11. Bb2 a5 12. a3 h5 13. h3 Bd7 14. Rfd1 Qc8 15. Bf1 c6 16. bxa5 Qc7 17. Nb3 Be6 18. Na4 Rad8 19. Nb6 Nfd7 20. Bd4 c5 21. Nxd7 cxd4 22. Nxe5 dxe5 23. exd4 exd4 24. Bd3 Bd7 25. a4 Bc6 26. c5 Bd5 27. Rac1 Bxb3 28. Qxb3 Qxa5 29. Qxb7 Qxa4 30. Bb5 Qb4 31. Rb1 Qxc5 32. Bxe8 Rxe8 33. Qf3 Qe5 34. h4 Bf6 35. g3 Kg7 36. Kg2 Qe6 37. Rb7 Re7 38. Rdb1 Rxb7 39. Rxb7 Qd6 40. Qb3 Qf8 41. Qd5 Qe8 42. Kh2 Kg8 43. Qd7 Qf8 44. Rc7 Kg7 45. Kg2 Qa8+ 46. Qc6 Qd8 47. Rd7 Qe8 48. Qd5 Qf8 49. Qd6 Qa8+ 50. Qd5 Qf8 51. Ra7 Qe8 52. Ra3 Qe7 53. Rf3 Qc7 54. Qe4 Qd6 55. Qf4 Qe6 56. Rd3 Qd5+ 57. Qf3 Qc4 58. Rd1 Qc3 59. Qxc3 dxc3 60. Rd6 Be5 61. Rc6 Kf8 62. Kf3 Ke7 63. Ke4 Bg7 64. f3 Kd7 65. Rc4 Ke6 66. g4 hxg4 67. fxg4 Ke7 68. h5 gxh5 69. gxh5 Kf6 70. Rc5 Ke7 71. Rc4 Ke6 72. h6 f5+ 73. Kf3 Bh8 74. Rc8 Bf6 75. h7 c2 76. Rxc2 Kf7 77. Rc8 1-0

[Event "Titled Tuesday intern op 18th Jun Early"]
[Site "Chess.com INT"]
[Date "2024.06.18"]
[Round "4"]
[White "Luo, Terry"]
[Black "Csonka, Balazs"]
[Result "0-1"]
[WhiteElo "2316"]
[BlackElo "2481"]
[PlyCount "58"]
[EventDate "2024.06.18"]
[EventType "swiss (blitz)"]
[EventRounds "11"]
[EventCountry "USA"]
[SourceTitle "EXT 2025"]
[Source "ChessBase"]
[SourceDate "2024.10.14"]
[SourceVersion "1"]
[SourceVersionDate "2024.10.14"]
[SourceQuality "1"]

1. d4 d5 2. Nf3 Nf6 3. Bf4 c5 4. e3 Nc6 5. c3 Qb6 6. Qb3 c4 7. Qc2 Bf5 8. Qc1 e6 9. Nbd2 h6 10. Be2 Be7 11. 0-0 Qd8 12. b3 b5 13. a4 a6 14. Ne5 Nxe5 15. Bxe5 0-0 16. h3 Qd7 17. b4 a5 18. bxa5 bxa4 19. Bxf6 Bxf6 20. e4 Bh7 21. Qc2 Rxa5 22. Rfb1 Rfa8 23. Bxc4 dxc4 24. Nxc4 Rg5 25. Nb6 Qc6 26. Nxa8 Bxe4 27. Rb8+ Kh7 28. Qe2 Rxg2+ 29. Kf1 Rh2 0-1

[Event "Titled Tuesday intern op 28th May Late"]
[Site "Chess.com INT"]
[Date "2024.05.28"]
[Round "1"]
[White "Luo, Terry"]
[Black "Mahdavi, Reza"]
[Result "0-1"]
[WhiteElo "2316"]
[BlackElo "2353"]
[PlyCount "88"]
[EventDate "2024.05.28"]
[EventType "swiss (blitz)"]
[EventRounds "11"]
[EventCountry "USA"]
[SourceTitle "EXT 2025"]
[Source "ChessBase"]
[SourceDate "2024.10.14"]
[SourceVersion "1"]
[SourceVersionDate "2024.10.14"]
[SourceQuality "1"]

1. d4 d5 2. c4 dxc4 3. e3 Nf6 4. Bxc4 e6 5. Nf3 c5 6. 0-0 Nc6 7. Nc3 a6 8. a3 b5 9. Ba2 Bb7 10. d5 exd5 11. Nxd5 Nxd5 12. Bxd5 Be7 13. e4 0-0 14. Be3 Rc8 15. Rc1 Na5 16. Bxb7 Nxb7 17. Qe2 Re8 18. Rfd1 Qb6 19. Nd2 Qe6 20. f3 c4 21. Nb1 Nc5 22. Bxc5 Bxc5+ 23. Kh1 Rcd8 24. Nc3 Bd4 25. Rc2 Rd7 26. Rcd2 Red8 27. Nd5 Bc5 28. Nf4 Qc6 29. Nd5 h6 30. f4 f5 31. Qf3 fxe4 32. Qxe4 Kh8 33. h3 a5 34. Kh2 b4 35. axb4 axb4 36. Nf6 Qxe4 37. Nxe4 Rxd2 38. Rxd2 Rxd2 39. Nxd2 c3 40. bxc3 bxc3 41. Nb3 c2 42. g4 Bd6 43. Kg3 g5 44. Kf3 Bxf4 0-1

[Event "Titled Tuesday intern op 26th Mar Early"]
[Site "Chess.com INT"]
[Date "2024.03.26"]
[Round "3"]
[White "Shubhi, Gupta"]
[Black "Luo, Terry"]
[Result "0-1"]
[WhiteElo "1953"]
[BlackElo "2333"]
[PlyCount "68"]
[EventDate "2024.03.26"]
[EventType "swiss (blitz)"]
[EventRounds "11"]
[EventCountry "USA"]
[SourceTitle "EXT 2025"]
[Source "ChessBase"]
[SourceDate "2024.10.14"]
[SourceVersion "1"]
[SourceVersionDate "2024.10.14"]
[SourceQuality "1"]

1. d4 Nf6 2. Nf3 g6 3. Nc3 Bg7 4. e4 d6 5. h3 0-0 6. Be3 c6 7. Qd2 Qc7 8. e5 dxe5 9. dxe5 Nfd7 10. e6 fxe6 11. Bc4 Nb6 12. Bb3 Nd5 13. Bd4 e5 14. Bxd5+ cxd5 15. Nxd5 Qd6 16. Bc3 Nc6 17. 0-0-0 Nd4 18. Ne3 Nxf3 19. Qxd6 exd6 20. gxf3 Rxf3 21. Rxd6 Bxh3 22. Nd1 Bf5 23. Re1 e4 24. Bxg7 Kxg7 25. Re2 h5 26. Ne3 h4 27. Nxf5+ gxf5 28. Rd7+ Kf6 29. Rxb7 Rh8 30. Re1 h3 31. Rh1 h2 32. Rd7 Rxf2 33. Rdd1 e3 34. Rde1 f4 0-1

[Event "Titled Tuesday intern op 19th Mar Late"]
[Site "Chess.com INT"]
[Date "2024.03.19"]
[Round "4"]
[White "Rodriguez Lopez, David"]
[Black "Luo, Terry"]
[Result "0-1"]
[WhiteElo "2200"]
[BlackElo "2333"]
[PlyCount "70"]
[EventDate "2024.03.19"]
[EventType "swiss (blitz)"]
[EventRounds "11"]
[EventCountry "USA"]
[SourceTitle "EXT 2025"]
[Source "ChessBase"]
[SourceDate "2024.10.14"]
[SourceVersion "1"]
[SourceVersionDate "2024.10.14"]
[SourceQuality "1"]

1. e4 c5 2. c3 Nf6 3. e5 Nd5 4. d4 cxd4 5. Nf3 d6 6. cxd4 Nc6 7. Bc4 Nb6 8. Bb5 dxe5 9. Nxe5 Bd7 10. Nxd7 Qxd7 11. Nc3 e6 12. 0-0 Be7 13. Qg4 Bf6 14. Rd1 0-0 15. Bxc6 Qxc6 16. Bh6 Kh8 17. Ne4 Rg8 18. Rac1 Qd5 19. Be3 Be7 20. Qf3 f5 21. Nd2 Qxa2 22. Rc7 Nd5 23. Rxb7 Rab8 24. Rxb8 Rxb8 25. b3 Bb4 26. Bf4 Rc8 27. Nc4 Nxf4 28. Qxf4 Qxb3 29. Rc1 h6 30. Ne5 Rxc1+ 31. Qxc1 Qc3 32. Qd1 a5 33. Kf1 a4 34. g3 a3 35. Qb1 Qxd4 0-1